De historia piscium and Icthyographia /

Bibliographic Details
Main Author: Willughby, Francis, 1635-1672
Format: Book
Language:English
Latin
Published: New York : Arno Press, 1978.
Series:Biologists and their world.
Subjects:

MARC

Tag First Indicator Second Indicator Subfields
LEADER 00000pam a2200000 i 4500
001 in00000079643
005 20151008053943.0
008 780321r19781685nyuaf 00100 eng
010 |a  77081089  
020 |a 040510667X 
035 |a (OCoLC)03869943 
035 |9 AAH9171AM 
040 |a DLC  |c DLC  |d TXA  |d UtOrBLW 
041 0 |a eng  |a lat 
049 |a TXAM  |c [800366] 
050 0 0 |a QL615  |b .W5 1978 
082 0 |a 597 
100 1 |a Willughby, Francis,  |d 1635-1672. 
240 1 3 |a De historia piscium 
245 1 0 |a De historia piscium and Icthyographia /  |c Francis Willughby. 
264 1 |a New York :  |b Arno Press,  |c 1978. 
300 |a 343, 30 pages, 187 unnumbered pages of plates :  |b illustrations ;  |c 29 cm. 
336 |a text  |b txt  |2 rdacontent 
337 |a unmediated  |b n  |2 rdamedia 
338 |a volume  |b nc  |2 rdacarrier 
490 1 |a Biologists and their world 
500 |a Reprint of: London : Royal Society, 1685-1686. 
500 |a Includes indexes. 
650 0 |a Fishes  |x Early works to 1800. 
740 0 |a Icthyographia. 
830 0 |a Biologists and their world. 
999 |a MARS 
999 f f |s a999127d-542b-3003-b773-6fe53313b35b  |i 0bb30d27-08e8-35a5-8fea-621ca3c61c78  |t 0 
952 f f |p ric  |a Texas A&M University  |b Rellis Campus  |c Joint Library Facility  |d Remote Storage  |t 0  |e QL615 .W5 1978  |h Library of Congress classification  |i unmediated -- volume  |m A14806221203 
998 f f |a QL615 .W5 1978  |t 0  |l Remote Storage